<?xml version="1.0" encoding="UTF-8"?>
<record
    xmlns:xsi="http://www.w3.org/2001/XMLSchema-instance"
    xsi:schemaLocation="http://www.loc.gov/MARC21/slim http://www.loc.gov/standards/marcxml/schema/MARC21slim.xsd"
    xmlns="http://www.loc.gov/MARC21/slim">

  <leader>00898nam a2200217 i 4500</leader>
  <controlfield tag="001">38346</controlfield>
  <controlfield tag="003">ES-MaACL</controlfield>
  <controlfield tag="005">20250930063043.0</controlfield>
  <controlfield tag="007">t|</controlfield>
  <controlfield tag="008">030225s1870    fr           ||||1| fre d</controlfield>
  <datafield tag="100" ind1="1" ind2=" ">
    <subfield code="a">Burmeister, Hermann, </subfield>
    <subfield code="d">1807-1892</subfield>
    <subfield code="9">146869</subfield>
  </datafield>
  <datafield tag="245" ind1="1" ind2="0">
    <subfield code="a">Histoire de la cr&#xE9;ation </subfield>
    <subfield code="b">: expos&#xE9; scientifique des phases de d&#xE9;veloppement du globe terrestre et de ses habitants / </subfield>
    <subfield code="c">par H. Burmeister ; edition fran&#xE7;aise, traduite de l'allemand d'apr&#xE9;s la huiti&#xE8;me &#xE9;dition par E. Maupas ; revue par Giebel.</subfield>
  </datafield>
  <datafield tag="260" ind1=" " ind2=" ">
    <subfield code="a">Par&#xED;s : </subfield>
    <subfield code="b">F. Savy, </subfield>
    <subfield code="c">1870 (</subfield>
    <subfield code="f">Simon Ra&#xE7;on)</subfield>
  </datafield>
  <datafield tag="300" ind1=" " ind2=" ">
    <subfield code="a">689 p. : </subfield>
    <subfield code="b">il. ; </subfield>
    <subfield code="c">24 cm.</subfield>
  </datafield>
  <datafield tag="650" ind1=" " ind2=" ">
    <subfield code="a">Tierra (Planeta)-</subfield>
    <subfield code="x">Origen.</subfield>
    <subfield code="9">178537</subfield>
  </datafield>
  <datafield tag="650" ind1="0" ind2="7">
    <subfield code="a">Geolog&#xED;a hist&#xF3;rica</subfield>
    <subfield code="2">embne</subfield>
    <subfield code="9">13094</subfield>
  </datafield>
  <datafield tag="700" ind1="1" ind2=" ">
    <subfield code="a">Maupas, E.</subfield>
    <subfield code="9">79213</subfield>
  </datafield>
  <datafield tag="700" ind1="1" ind2=" ">
    <subfield code="a">Giebel, Christoph Gottfried Andreas (</subfield>
    <subfield code="d">1820-1881)</subfield>
    <subfield code="9">146870</subfield>
  </datafield>
  <datafield tag="852" ind1=" " ind2=" ">
    <subfield code="a">ES-MaACL</subfield>
    <subfield code="j">D-4488</subfield>
  </datafield>
  <datafield tag="999" ind1=" " ind2=" ">
    <subfield code="c">38346</subfield>
    <subfield code="d">38346</subfield>
  </datafield>
  <datafield tag="952" ind1=" " ind2=" ">
    <subfield code="0">0</subfield>
    <subfield code="1">0</subfield>
    <subfield code="4">0</subfield>
    <subfield code="7">0</subfield>
    <subfield code="8">LIBXIX</subfield>
    <subfield code="a">ATENEOM</subfield>
    <subfield code="b">ATENEOM</subfield>
    <subfield code="c">SVI</subfield>
    <subfield code="d">2008-01-17</subfield>
    <subfield code="e">SC</subfield>
    <subfield code="l">0</subfield>
    <subfield code="o">D-4488</subfield>
    <subfield code="p">901040372</subfield>
    <subfield code="r">2023-02-23 00:00:00</subfield>
    <subfield code="w">2023-02-23</subfield>
    <subfield code="y">MONANT</subfield>
  </datafield>
</record>
